| 000 | 00000nas##2200000za#4500 |
| 001 | 9.510992 |
| 003 | CaOODSP |
| 005 | 20210615082556 |
| 007 | ta |
| 008 | 150406c2004||||xxc|| p #||||f| |0eng|d |
| 022 | |a0706-4659 |
| 040 | |aCaOODSP|beng |
| 041 | |aeng |
| 041 | |afre |
| 043 | |an-cn--- |
| 086 | 1 |aP107-1 |
| 110 | 1 |aCanada.|bPublic Works and Government Services Canada. |bPublishing and Depository Services Program. |
| 245 | 10|aWeekly checklist of Canadian government publications / |cCompiled by the Depository Services Program. |
| 260 | |aOttawa - Ontario : |bPublic Works and Government Services Canada. |
| 310 | |aWeekly |
| 500 | |aNumbering starts each year from No. 1. |
| 520 | 3 |aThis catalogue includes some of our new releases and a selection of popular backlist titles. Each publication is produced or sponsored by a department, agency, commission, or a scientific or social research organization. |
| 563 | |aSoftcover |
| 690 | 07|aGovernment publications|2gcpds |
| 776 | 0#|tWeekly checklist of Canadian government publications |w(CaOODSP)9.500736 |
| 792 | |tListe hebdomadaire des publications du gouvernement du Canada / |efre|w(CaOODSP)9.510993 |